| 000 | 01987nam0a2200397 4500 | ||
|---|---|---|---|
| 001 | RU\NLR\BIBL_A\022752711 | ||
| 005 | 20260503065210.0 | ||
| 010 |
_a978-5-209-12654-6 _9100 |
||
| 021 |
_aRU _bКН-П-26-001879 _9КН-П-26-0170 |
||
| 035 | _a(NLR Aleph) 022752711 | ||
| 090 |
_a13700869 _c13700869 |
||
| 100 | _a20260313d2025 k y0rusy50 ca | ||
| 101 | 0 |
_aeng _arus |
|
| 102 | _aRU | ||
| 105 | _ay z 100yy | ||
| 181 | 0 |
_ai4 _baxxe |
|
| 182 | 0 | _an | |
| 200 | 1 |
_aThe student conference "Differential equations and mathematical modeling", Russia, Moscow, May 13-15, 2025 _eabstracts _fPeoples' friendship university of Russia named after Patrice Lumumba |
|
| 203 |
_aТекст _bвизуальный _cнепосредственный |
||
| 210 |
_aMoscow _cPeoples' friendship university of Russia named after Patrice Lumumba _d2025 |
||
| 215 |
_a77 с. _d20 |
||
| 225 | 1 | _aПриоритет 2030 | |
| 300 | _aВ вып. дан.: Студенческая конференция "Дифференциальные уравнения и математическое моделирование" | ||
| 300 | _aЧасть текста на рус. яз. | ||
| 313 | _aПред. конф-я 2024 г. | ||
| 320 | _aБиблиогр. в конце тез. | ||
| 517 | 1 | _aСтуденческая конференция "Дифференциальные уравнения и математическое моделирование" | |
| 606 | 1 |
_aДифференциальные уравнения _jТезисы докладов _91261155 _3RU\NLR\AUTH\66200289 |
|
| 606 | 1 |
_aМатематическое моделирование _jТезисы докладов _9907670 _3RU\NLR\AUTH\6611207 |
|
| 686 | 1 | _aВ1я431 | |
| 710 | 1 | 2 |
_7ba _8eng _a"Differential equations and mathematical modeling", student conference _eMoscow _f2025 _92704379 _3RU\NLR\AUTH\880641247 |
| 942 | _cBOOK | ||
| 980 | _aNB | ||